00929nam a22002417a 450000500170000001000130001702000220003003500130005203700160006504000120008108200160009310000230010924501110013226000450024327000800028830000330036850000400040165000470044165000320048894200250052099900190054595201230056420170124105956.0 aA-896361 c00.00a8170120214 aA-896361 bCen Lib/Ret aDPLbEN a230.35bPAN aPande, T.G.914560 aJagatguru shankaracharya shri bharati krishna teertha :cby T.G. Pandebhis life, thought and literature / aDelhibB.R. Publishing Corporationc1997 bDelhiaA-6, Nimri Commercial Centre, Near Bharat Nagar, Ashok Vihare110052 axxiv,120p. :c20cm(Hb)bill. aIncludes bibliographical references aPhilosophers -- India -- Biography.913787 aHindus -- Biography.914561 2ddccENh230.35mPAN c125501d125501 00104070aLbLd2015-06-22eCen Lib/Retg0.00l0o230.35 PANpA-896361r2015-06-22 00:00:00t1v0.00w2015-06-22yEN